000 00450nam a2200169 i 4500
001 bg
100 1 _aBOCHEŃSKI, Józef M.
245 0 _aDe virtute militari :
_bzarys etyki wojskowej /
_cJ.M. Bocheński.
260 _aKraków :
_bWydaw. Philed sp. z o.o.,
_c1993.
300 _a109,[2] s. ;
_c19 cm.
650 9 _aWojsko
_xetyka
040 _cBPK
041 _apl
080 _a17:355
942 _cKS
008 s pl f |000 0 pol
999 _c35355
_d35355
856 _uhttp://koha.tu.koszalin.pl/cgi-bin/koha/opac-detail.pl?biblionumber=35355
_yKatalog online BPK